Catálogo público

Estudio de factibilidad técnico económico para la instalación de una pasteurizadora en el municipio de Romita, Guanajuato / (Record no. 175405)

MARC details
000 -CABECERA
campo de control de longitud fija 04743nam a2200517Ia 4500
001 - NÚMERO DE CONTROL
campo de control dia_4701
003 - IDENTIFICADOR DEL NÚMERO DE CONTROL
campo de control CHAP
005 - FECHA Y HORA DE LA ÚLTIMA TRANSACCIÓN
campo de control 20241015173637.0
007 - CAMPO FIJO DE DESCRIPCIÓN FÍSICA--INFORMACIÓN GENERAL
campo de control de longitud fija ta
008 - DATOS DE LONGITUD FIJA--INFORMACIÓN GENERAL
campo de control de longitud fija 220117s2010 mx abdefrm 001 0 spa d
010 ## - NÚMERO DE CONTROL DE LA BIBLIOTECA DEL CONGRESO
Número de control de LC 175405
040 ## - FUENTE DE LA CATALOGACIÓN
Centro/agencia transcriptor CHAP
Centro catalogador/agencia de origen mxchpua
Normas de descripción rda
041 0# - CÓDIGO DE LENGUA
Código de lengua del texto/banda sonora o título independiente spa
Código de lengua del sumario o resumen eng
090 ## - LOCALMENTE ASIGNADO TIPO-LC NÚMERO DE CLASIFICACIÓN (OCLC); NÚMERO DE CLASIFICACIÓN LOCAL (RLIN)
Número de clasificación (OCLC) (R) ; Numero de clasificación, CALL (RLIN) (NR) Tesis
Número cutter local (OCLC) ; Número de libro/Signatura topográfica íntegra, CALL (RLIN) B84
año 2010
100 1# - ENTRADA PRINCIPAL--NOMBRE DE PERSONA
Nombre de persona Buendía Tamariz, Mariel Primavera
245 10 - MENCIÓN DE TÍTULO
Título Estudio de factibilidad técnico económico para la instalación de una pasteurizadora en el municipio de Romita, Guanajuato /
Mención de responsabilidad, etc. Mariel Primavera Buendía Tamariz y Miriam Valerio Robles
264 ## - PRODUCCIÓN, PUBLICACIÓN, DISTRIBUCIÓN, FABRICACIÓN Y COPYRIGHT
Producción, publicación, distribución, fabricación y copyright Chapingo, México :
Nombre del de productor, editor, distribuidor, fabricante El autor,
Fecha de producción, publicación, distribución, fabricación o copyright 2010
300 ## - DESCRIPCIÓN FÍSICA
Extensión xxi, 112 hojas :
Otras características físicas ilustraciones, mapas, gráficas, diagramas, tablas, planos +
Material acompañante/anejo 1 CD-ROM
336 ## - TIPO DE CONTENIDO
Fuente rdacontent
Término de tipo de contenido texto
Código de tipo de contenido txt
337 ## - TIPO DE MEDIO
Fuente rdamedia
Nombre/término del tipo de medio no mediado
Código del tipo de medio n
338 ## - TIPO DE SOPORTE
Fuente rdacarrier
Nombre/término del tipo de soporte volumen
Código del tipo de soporte nc
500 ## - NOTA GENERAL
Nota general El CD contiene reporte
502 ## - NOTA DE TESIS
Nota de tesis Formulación y evaluación de proyectos
Tipo de título (Ingeniero Agroindustrial) --
Nombre de la institución que otorga el título UACh. Departamento de Ingeniería Agroindustrial,
Año de obtención del título 2010
504 ## - NOTA DE BIBLIOGRAFÍA, ETC.
Nota de bibliografía, etc. Bibliografía: hojas 105-107
505 ## - NOTA DE CONTENIDO CON FORMATO
Nota de contenido con formato 3 planos --<br/>1. Distribución de áreas --<br/>2. Distribución de equipos --<br/>3. Recorrido
520 3# - SUMARIO, ETC.
Sumario, etc. El presente estudio determina la pre-factibilidad de mercado, técnico, legal, ambiental, organizacional y económico-financiero, para el establecimiento de una planta pasteurizadora de leche en el Municipio de Romita, Guanajuato. Una investigación de mercado determinó la demanda y la oferta, tanto en el Estado de Guanajuato como en el Municipio de Romita. El estudio técnico determinó el equipo y materiales necesarios para operar, el diseño de la planta y el proceso de pasteurización de leche. Organizacionalmente la empresa contara con una Junta Directiva supervisada por Asamblea General de socios, asimismo se consensuaron los cargos y responsabilidades de las personas que elaborarán en la planta. En el estudio legal se establecieron las Normas correspondientes las cuales regirán el proceso de producción. El estudio económico - financiero evaluó un flujo de caja proyectado a cinco años. El VAN calculado a una tasa de actualización igual a TRMA (21.55%) fue de 13.07, la TIR igual a 47.81198%, mayor a la TRMA (21.55%). Así mismo se obtuvo una relación B/C de 1.154En cuanto al impacto ambiental, el proyecto tiene un impacto casi nulo, y todas las actividades realizadas están normadas por el reglamento ecológico. Todos estos indicadores determinaron el proyecto de instalación de la planta Pasteurizadora como viable, rentable y factible. --
520 3# - SUMARIO, ETC.
Sumario, etc. The present study determines the pre-feasibility of market, legal, environmental, organizational and economico-financial technician, for the establishment of a pasteurizadora milk plant in the Municipality of Romita, Guanajuato. An investigation of market determined the demand and the supply, as much in the State of Guanajuato like in the Municipality of Romita. The technical study determined the equipment and materials necessary to operate, the design of the plant and the process of milk pasteurisation. Organizationally the company would count on a Board of directors supervised by General Assembly of partners, also the positions and responsibilities of the people were agreed who will toil in the plant. In the legal study the corresponding Norms settled down which will govern the production process. The economico-financial study evaluated a flow of box projected to six years. THEY GO calculated to a rate of equal update to TRMA (21,55%) was of 13,07, the equal TIR to 47,81198%, major to the TRMA (21,55%). Also a relation B/C of 1.1541 was obtained. As far as the environmental impact, the project has an almost null impact, and all the realised activities are normadas by the ecological regulation. All these indicators determined the project of installation of viable, profitable and feasible the Pasteurizadora plant like.
650 13 - PUNTO DE ACCESO ADICIONAL DE MATERIA--TÉRMINO DE MATERIA
Término de materia o nombre geográfico como elemento de entrada Industria láctea
Subdivisión geográfica México
-- Guanajuato
Fuente del encabezamiento o término atg
650 13 - PUNTO DE ACCESO ADICIONAL DE MATERIA--TÉRMINO DE MATERIA
Término de materia o nombre geográfico como elemento de entrada Iniciativa empresarial
Fuente del encabezamiento o término atg
650 13 - PUNTO DE ACCESO ADICIONAL DE MATERIA--TÉRMINO DE MATERIA
Término de materia o nombre geográfico como elemento de entrada Leche pasteurizada
Fuente del encabezamiento o término atg
650 13 - PUNTO DE ACCESO ADICIONAL DE MATERIA--TÉRMINO DE MATERIA
Término de materia o nombre geográfico como elemento de entrada Milk industry
Subdivisión geográfica México
-- Guanajuato
Fuente del encabezamiento o término atg
650 13 - PUNTO DE ACCESO ADICIONAL DE MATERIA--TÉRMINO DE MATERIA
Término de materia o nombre geográfico como elemento de entrada Entrepreneurship
Fuente del encabezamiento o término atg
650 13 - PUNTO DE ACCESO ADICIONAL DE MATERIA--TÉRMINO DE MATERIA
Término de materia o nombre geográfico como elemento de entrada Pasteurized milk
Fuente del encabezamiento o término atg
700 1# - PUNTO DE ACCESO ADICIONAL--NOMBRE DE PERSONA
Nombre de persona Valerio Robles, Miriam
Término indicativo de función/relación autora
700 1# - PUNTO DE ACCESO ADICIONAL--NOMBRE DE PERSONA
Nombre de persona Ponce Hernández, Pedro
Término indicativo de función/relación director
700 1# - PUNTO DE ACCESO ADICIONAL--NOMBRE DE PERSONA
Nombre de persona Reyna Izaguirre, Diana América
Término indicativo de función/relación asesora
700 1# - PUNTO DE ACCESO ADICIONAL--NOMBRE DE PERSONA
Nombre de persona Szymanski Duque, Rosa Guadalupe
Término indicativo de función/relación asesora
856 41 - LOCALIZACIÓN Y ACCESO ELECTRÓNICOS
Identificador Uniforme del Recurso <a href="http://10.13.5.2/tesis/111894.pdf">http://10.13.5.2/tesis/111894.pdf</a>
Texto de enlace DESCARGAR PDF
901 ## - ELEMENTOS DE DATOS A LOCAL LDA (RLIN)
a TESIS B84 2010
942 ## - ELEMENTOS DE PUNTO DE ACCESO ADICIONAL (KOHA)
Tipo de ítem Koha TESIS
Fuente del sistema de clasificación o colocación Clasificación Universidad Autónoma Chapingo
902 ## - ELEMENTOS DE DATOS B LOCAL, LDB (RLIN)
a M
905 ## - ELEMENTOS DE DATOS E LOCAL, LDE (RLIN)
a 5232272010 mx emal8223123322spa16
Holdings
Estado de retiro Estado de pérdida Fuente del sistema de clasificación o colocación Estado dañado Restricciones de uso No para préstamo Código de colección Localización permanente Ubicación/localización actual Fecha de adquisición Fuente de adquisición Total de préstamos Signatura topográfica completa Código de barras Fecha visto por última vez Fecha del último préstamo Número de copia Precio válido a partir de Tipo de ítem Koha Ubicación en estantería
    Clasificación Universidad Autónoma de Chapingo   Préstamo 5 días   Tesis Ingenieria Agroindustrial Ingenieria Agroindustrial 18/01/2022 El autor 1 Tesis B84 2010 1101004669 23/10/2024 23/10/2024 Ej. 3 18/01/2022 CD  
    Clasificación Universidad Autónoma de Chapingo   Préstamo interno   Tesis Ingenieria Agroindustrial Ingenieria Agroindustrial 18/01/2022 El autor   Tesis B84 2010 1101004291 02/02/2026   Ej. 1 18/01/2022 Tesis  
    Clasificación Universidad Autónoma de Chapingo   Préstamo interno   Tesis Ingenieria Agroindustrial Ingenieria Agroindustrial 18/01/2022 El autor   Tesis B84 2010 1101004657 18/01/2022   Ej. 2 18/01/2022 CD  
    Clasificación Universidad Autónoma de Chapingo       Tesis digitales de Licenciatura Ingenieria Agroindustrial Ingenieria Agroindustrial 15/10/2024 El autor     1201004291 15/10/2024     15/10/2024 Tesis digital En línea